| 000 | 00861cab a2200241 4500 | ||
|---|---|---|---|
| 001 | ABS54757 | ||
| 008 | 090401t1996 xxu||||| |||| 00| 0 eng d | ||
| 035 | _a(Sirsi) u12158 | ||
| 041 | _aeng | ||
| 100 | _aPym, A. | ||
| 245 | _a1986 tenancies revisited | ||
| 260 | _c1996 | ||
| 350 | _a0 | ||
| 490 |
_aCountry Landowner _vApril 1996, 21(1) |
||
| 520 | _aWhere additional land is added to an Agricultural Holdings Act 1986 tenancy suggests that farm business tenancy agreements should be created specifying that the rent per acre and rent reviews should coincide. | ||
| 650 | _aADDITIONAL LAND | ||
| 650 | _aAGRICULTURAL HOLDINGS ACT 1986 | ||
| 650 | _aPROPERTY-LANDLORD AND TENANT-TENANCIES-AGRICULTURAL TENANCIES | ||
| 650 | _aFARM BUSINESS TENANCIES | ||
| 690 | _aLANDLORD AND TENANT-AGRICULTURAL TENANCIES | ||
| 942 | _n0 | ||
| 948 | _c04/03/1997 | ||
| 999 |
_c7780 _d7780 |
||